000 00433nam a2200169 a 4500
001 0000-9249
003 ELIB.Books
008 110520 1957
035 _a(ELIB.Books)0000-9401
082 _a220
_bWil
100 _aWilliams, Albert N.
245 _aWhat Archeology Says about the Bible
260 _bNew York: Association Press
_c1957
650 _aBible
942 _2ddc
_cBK
998 _cbat
_e2011-05-20
999 _c9249
_d9249